|
|
|
|
| LEADER |
00586nam a2200157 a 4500 |
| 082 |
0 |
0 |
|a 631.7
|b DHA/D
|
| 100 |
1 |
|
|a Dhawan, B. D.
|
| 245 |
1 |
0 |
|a Development of tubewell irrigation in India /
|
| 260 |
|
|
|a New Delhi :
|b Agricole Pub. Academy ;
|a Delhi :
|b Institute of Economic Growth,
|c 1982 [i.e. 1981]
|
| 300 |
|
|
|a xviii, 208 p. ;
|
| 500 |
|
|
|a Includes index.
|
| 650 |
|
0 |
|a Irrigation
|z India.
|
| 650 |
|
0 |
|a Wells
|z India.
|
| 942 |
|
|
|c BK
|
| 999 |
|
|
|c 99608
|d 99608
|
| 952 |
|
|
|0 0
|1 0
|4 0
|6 631_700000000000000_DHA_D
|7 0
|9 92855
|a SSS
|b SSS
|c GEN
|d 2012-02-21
|g 100.00
|l 0
|o 631.7 DHA/D
|p SSSMK0029
|r 2012-02-21
|w 2012-02-21
|y BK
|